Tottenham Hotspur Players 2009/10 - Present - Statistics

General Stats
  • This quiz has been taken 396 times
  • The average score is 40 of 78
Answer Stats
Position Nationality Answer % Correct
GK France Hugo Lloris
93%
FW England Harry Kane
88%
MF Croatia Luka Modric
87%
MF Wales Gareth Bale
86%
GK Brazil Heurelho Gomes
86%
MF Denmark Christian Eriksen
82%
DF England Kyle Walker
82%
FW Togo Emmanuel Adebayor
81%
DF Belgium Jan Vertonghen
81%
FW England Jermain Defoe
80%
GK Netherlands Michel Vorm
79%
FW Ireland Robbie Keane
79%
GK USA Brad Friedel
78%
DF England Danny Rose
76%
MF Belgium Mousa Dembele
76%
FW Spain Roberto Soldado
76%
MF Argentina Erik Lamela
74%
DF Wales Ben Davies
73%
DF Cameroon Benoit Assou-Ekotto
72%
DF England Ledley King
72%
MF Netherlands Rafael van der Vaart
71%
MF Iceland Gylfi Sigurdsson
68%
DF England Michael Dawson
68%
FW England Peter Crouch
68%
FW Russia Roman Pavlyuchenko
68%
MF England Aaron Lennon
67%
MF USA Clint Dempsey
67%
DF Croatia Vedran Corluka
67%
MF Brazil Paulinho
66%
GK Italy Carlo Cudicini
62%
DF England Eric Dier
61%
MF Ghana/Germany Kevin Prince-Boateng
61%
MF Belgium Nacer Chadli
61%
MF Honduras Wilson Palacios
60%
MF Algeria Nabil Bentaleb
59%
MF South Africa Steven Pienaar
58%
DF France Younes Kaboul
57%
MF England Ryan Mason
56%
MF Mexico Giovani dos Santos
55%
DF France William Gallas
55%
DF Scotland Alan Hutton
54%
MF Brazil Sandro Raniere
54%
MF England Tom Huddlestone
52%
DF Romania Vlad Chiriches
52%
DF Argentina Federico Fazio
51%
MF Germany/England Lewis Holtby
49%
MF Croatia Niko Kranjcar
49%
DF Cameroon Sebastien Bassong
49%
FW Iceland Eidur Gudjohnsen
48%
MF England Jermaine Jenas
46%
DF New Zealand Ryan Nelsen
46%
MF England Scott Parker
44%
FW France Louis Saha
42%
MF France Etienne Capoue
40%
MF England Andros Townsend
38%
MF England David Bentley
38%
DF England Kyle Naughton
36%
GK Croatia Stipe Pletikosa
35%
MF England Jake Livermore
33%
DF England Jonathan Woodgate
33%
MF England Tom Carroll
33%
MF France Benjamin Stambouli
29%
DF England Steven Caulker
29%
MF England Jamie O'Hara
18%
MF Spain Iago Falque
17%
GK England David Button
15%
MF Serbia Milos Veljkovic
13%
DF England Zeki Fryers
12%
DF England Adam Smith
9%
MF England Alex Pritchard
9%
FW England Jonathan Obika
9%
MF England John Bostock
8%
MF Australia Massimo Luongo
7%
FW England Shaquille Coulthirst
7%
FW England Cameron Lancaster
4%
MF England Ryan Fredericks
4%
MF England Dean Parrett
2%
MF England Jake Nicholson
1%
No matching quizzes found
Score Distribution
Percent of People with Each Score
Percentile by Number Answered
Your Score History
You have not taken this quiz